000 00531nam a2200181Ia 4500
003 OSt
005 20250813145233.0
008 210210b1964 xxu||||| |||| 00| 0 eng d
040 _cAL
041 _aKannada
082 _a859/1561
100 _aRAMAMOLEYARA VISHVAMITRA
_9155893
_dರಾಮಮೊಳೆಯಾರ ವಿಶ್ವಾಮಿತ್ರ
245 _aVaishalini:
_bವೈಶಾಲಿನಿ
260 _aMangaluru
_bViveka Sahityamale
_c1964
690 _aKannada Fiction
_9155894
906 _a022289
942 _2ddc
_cBK
999 _c146442
_d146442